00700nam a2200229 a 450000100060000000300080000600500170001400800410003103500190007204000370009104100080012808200260013610000500016224500460021225000120025826000370027030000330030749000350034050400370037565000230041283000350043572100BD-RjUL20211209082218.0170513s1950 nyua b 001 0 eng d a(BD-RjUL)72316 aDLCcDLCdUKMdZCUdBD-RjULbeng aeng00a541.394bLAC 19502231 aLaidler, Keith J.q(Keith James),d1916-2003.10aChemical kinetics /cBy Keith J. Laidler. a1st ed. aNew York :bMcGraw-Hill,cc1950. aix, 408 p. :bill. ;c23 cm. aInternational chemical series. aIncludes Bibliography and index. 0aChemical kinetics. aInternational chemical series.